ARRUPE JESUIT UNIVERSITY

CORONAVIRUS -STOP THE SPREAD - CLEAN,DISINFECT,COVER

Democracy and development in the socio-political philosophy of Kwasi Wiredu (Record no. 122621)

MARC details
000 -LEADER
fixed length control field 00539nam a22001577a 4500
008 - FIXED-LENGTH DATA ELEMENTS--GENERAL INFORMATION
fixed length control field 150409b xxu||||| |||| 00| 0 eng d
050 ## - LIBRARY OF CONGRESS CALL NUMBER
Classification number B5315.W5O34
100 ## - MAIN ENTRY--PERSONAL NAME
Personal name Ogbenika, Gregory Ebalu
9 (RLIN) 17059
245 ## - TITLE STATEMENT
Title Democracy and development in the socio-political philosophy of Kwasi Wiredu
Statement of responsibility, etc /by Gregory Ebalu Ogbenika
260 ## - PUBLICATION, DISTRIBUTION, ETC. (IMPRINT)
Place of publication, distribution, etc Rome
Date of publication, distribution, etc 2008
Name of publisher, distributor, etc Pontificia Universit Urbaniana, Facultas Philosophiae
300 ## - PHYSICAL DESCRIPTION
Extent ix,173p. ;
Dimensions 25cm.
500 ## - GENERAL NOTE
General note Thesis
521 ## - TARGET AUDIENCE NOTE
Target audience note Thesis
650 ## - SUBJECT ADDED ENTRY--TOPICAL TERM
Topical term or geographic name as entry element Wiredu, Kwasi
9 (RLIN) 17060
942 ## - ADDED ENTRY ELEMENTS (KOHA)
Source of classification or shelving scheme Library of Congress Classification
Item type Monograph ( Printed materials)
Holdings
Withdrawn status Lost status Source of classification or shelving scheme Damaged status Not for loan Collection code Home library Current library Shelving location Date acquired Total Checkouts Full call number Barcode Checked out Date last seen Date last borrowed Price effective from Koha item type
    Library of Congress Classification     Main Collection ARRUPE LIBRARY ARRUPE LIBRARY Main Collection 09/04/2015 13 B5315.W5O34 46500002515 29/01/2026 15/01/2026 15/01/2026 09/04/2015 Monograph ( Printed materials)

 

Arrupe Library. PO Box MP320 Mt Pleasant, Harare, Zimbabwe
263 242 745411|librarian@aju.ac.zw